[Event "NK-E Algemeen 2010"]
[Site "?"]
[Date "2010.04.03"]
[Round "8.9"]
[White "Harten, Lucas van"]
[Black "Roon, Sjoerd van"]
[Result "0-1"]
[WhiteElo "1068"]
[BlackElo "1180"]
[PlyCount "64"]
[EventDate "2010.??.??"]

1. e4 e5 2. Nf3 Nf6 3. Bc4 Nxe4 4. Nxe5 d5 5. Bd3 Qe7 6. Nf3 Nc3+ 7. Qe2 Nxe2
8. Bxe2 g6 9. Nc3 d4 10. Nxd4 Bg7 11. Nf3 Qd8 12. O-O O-O 13. h3 Re8 14. Re1
Bxc3 15. bxc3 b6 16. Bb2 Bb7 17. Nd4 Qg5 18. Nf3 Bxf3 19. Bxf3 Rxe1+ 20. Rxe1
c6 21. c4 Nd7 22. Bxc6 Rd8 23. Bxd7 h6 24. a3 Qxd2 25. Re3 Qxd7 26. Bf6 Re8 27.
Be5 f6 28. Bf4 Rxe3 29. Bxe3 Qd1+ 30. Kh2 Qxc2 31. Bd4 Qxc4 32. Bxf6 Qf4+ 0-1

[Event "NK-E Algemeen 2010"]
[Site "?"]
[Date "2010.04.03"]
[Round "8.10"]
[White "Nguyen, Sang"]
[Black "Seyed Mehdi, Dominick"]
[Result "1-0"]
[WhiteElo "1255"]
[BlackElo "1032"]
[PlyCount "159"]
[EventDate "2010.??.??"]

1. e4 e5 2. Nf3 Nc6 3. Bb5 d6 4. Nc3 a6 5. Bxc6+ bxc6 6. d4 exd4 7. Nxd4 Qd7 8.
Bf4 Nf6 9. O-O g6 10. Re1 Bg7 11. e5 dxe5 12. Rxe5+ Kf8 13. Rc5 Bb7 14. Nf3
Qxd1+ 15. Rxd1 Nd5 16. Nxd5 cxd5 17. Rxc7 Rb8 18. Ne5 Bxe5 19. Bxe5 Rg8 20. Rd7
Re8 21. Bd6+ Kg7 22. Rxb7 Re2 23. c3 Rge8 24. g3 Rc2 25. Rd7 Ree2 26. Bc5 Rxb2
27. R7xd5 Rxa2 28. Bd4+ Kf8 29. c4 Re8 30. Bc5+ Kg8 31. Rd8 Rxd8 32. Rxd8+ Kg7
33. Bd4+ Kh6 34. c5 Rc2 35. Rd6 a5 36. c6 a4 37. Bb6 a3 38. Bd4 a2 39. Kg2 Kg5
40. Rd5+ Kh6 41. Kf3 Rd2 42. Be3+ Kg7 43. Ra5 Rc2 44. c7 Rxc7 45. Rxa2 Rc6 46.
h4 Rb6 47. Kg2 Rc6 48. g4 Rc4 49. f3 Rc3 50. Bd4+ Kh6 51. Bxc3 f5 52. gxf5 gxf5
53. Ra6+ Kh5 54. Ra7 h6 55. Rh7 Kxh4 56. Rxh6+ Kg5 57. Bd2+ f4 58. Rh3 Kf5 59.
Rh5+ Kg6 60. Re5 Kf6 61. Bxf4 Kg6 62. Bg5 Kh5 63. Bd8+ Kg6 64. f4 Kf7 65. f5
Kg7 66. f6+ Kf7 67. Rd5 Kf8 68. Rd7 Ke8 69. f7+ Kf8 70. Ba5 Kg7 71. Bb4 Kf6 72.
f8=Q+ Ke6 73. Qe7+ Kf5 74. Qd6 Ke4 75. Re7+ Kf5 76. Kg3 Kg5 77. Qf4+ Kg6 78.
Re5 Kg7 79. Rg5+ Kh6 80. Qh4# 1-0

[Event "NK-E Algemeen 2010"]
[Site "?"]
[Date "2010.04.03"]
[Round "8.11"]
[White "Scheerhoorn, Joep"]
[Black "Baselmans, Luuk"]
[Result "0-1"]
[WhiteElo "850"]
[BlackElo "1329"]
[PlyCount "118"]
[EventDate "2010.??.??"]

1. e4 e5 2. Nf3 Nc6 3. Bc4 Nf6 4. Nc3 Nxe4 5. Nxe4 d5 6. Bxd5 Qxd5 7. d3 Bg4 8.
h3 Bh5 9. Be3 O-O-O 10. b3 Bb4+ 11. Bd2 Bxd2+ 12. Nexd2 f5 13. g4 fxg4 14. Ng5
Qxh1+ 15. Nf1 Qd5 16. hxg4 Bg6 17. Qd2 Qa5 18. Qxa5 Nxa5 19. O-O-O h6 20. Ne6
Rde8 21. Nc5 Rhf8 22. Rd2 Rf4 23. Ne3 h5 24. gxh5 Bxh5 25. Kb1 Nc6 26. Kc1 Nb4
27. Kb1 Ref8 28. Ne6 Rxf2 29. Rxf2 Rxf2 30. Nxg7 Re2 31. Nxh5 Rxe3 32. Nf6 Re2
33. Ng4 Rxc2 34. Nxe5 Rxa2 35. d4 Rd2 36. Nf3 Rd3 37. Ne5 Rxd4 38. Kb2 Nc6 39.
Nxc6 bxc6 40. Kc3 Rh4 41. Kb2 Kb7 42. Ka3 Kb6 43. Ka2 Kb5 44. Ka3 a6 45. Ka2
Kb4 46. Kb2 Rh2+ 47. Kc1 Kxb3 48. Kd1 Rc2 49. Ke1 Kc3 50. Kf1 Rd2 51. Ke1 Kd3
52. Kf1 Re2 53. Kg1 Ke3 54. Kf1 Kf3 55. Kg1 Rf2 56. Kh1 Kg3 57. Kg1 Kf3 58. Kh1
Kg4 59. Kg1 Kg3 0-1

[Event "NK-E Algemeen 2010"]
[Site "?"]
[Date "2010.04.03"]
[Round "8.12"]
[White "Steunenberg, Renso"]
[Black "Reddy, Quinten"]
[Result "1-0"]
[WhiteElo "822"]
[BlackElo "546"]
[PlyCount "81"]
[EventDate "2010.??.??"]

1. e4 e5 2. d4 d5 3. dxe5 Be7 4. exd5 Na6 5. Nc3 Bb4 6. Nf3 Bg4 7. h3 Bh5 8.
Bc4 h6 9. Bd2 Bxf3 10. Qxf3 Qe7 11. O-O O-O-O 12. Rfe1 Bxc3 13. Bxc3 Qg5 14.
Qg4+ Qxg4 15. hxg4 h5 16. g5 Ne7 17. d6 cxd6 18. exd6 Nf5 19. Bxf7 Nxd6 20.
Be6+ Kb8 21. Be5 Rhe8 22. Bxg7 Nb5 23. Bc4 Rxe1+ 24. Rxe1 Nd4 25. Rd1 Ne2+ 26.
Bxe2 Re8 27. Bxa6 bxa6 28. Bf6 Re2 29. Rd8+ Kc7 30. Rd3 Rxc2 31. g6 Rc1+ 32.
Kh2 Rc2 33. g7 Rxf2 34. g8=Q Rxf6 35. Qg7+ Kc6 36. Qxf6+ Kc5 37. Qd4+ Kb5 38.
Rb3+ Kc6 39. Rc3+ Kb7 40. Qb4+ Ka8 41. Rc8# 1-0

[Event "NK-E Algemeen 2010"]
[Site "?"]
[Date "2010.04.03"]
[Round "8.14"]
[White "Martens, Vincent"]
[Black "Nimwegen, Martijn van"]
[Result "0-1"]
[WhiteElo "1005"]
[BlackElo "829"]
[PlyCount "106"]
[EventDate "2010.??.??"]

1. e4 e5 2. Nf3 Nc6 3. d4 exd4 4. Nxd4 Qe7 5. Nc3 Nf6 6. Nxc6 bxc6 7. f3 Bb7 8.
Bc4 O-O-O 9. O-O Qc5+ 10. Kh1 Qxc4 11. Re1 Bb4 12. Bd2 Bxc3 13. Bxc3 Rhg8 14.
Qd4 Qxd4 15. Bxd4 d5 16. exd5 Rxd5 17. Rad1 Rgd8 18. c3 c5 19. Bxc5 Rxd1 20.
Rxd1 Rxd1+ 21. Bg1 Nh5 22. h3 Ng3+ 23. Kh2 Ne2 24. Bxa7 Rd2 25. Be3 Rxb2 26. h4
Rxa2 27. Kh3 Nxc3 28. Bd4 Nd1 29. Bxg7 Nf2+ 30. Kg3 Ne4+ 31. fxe4 Bxe4 32. h5
Rxg2+ 33. Kf4 Rxg7 34. Kxe4 c6 35. Kd4 f5 36. Ke5 c5 37. Kxf5 c4 38. Ke4 Rd7
39. h6 c3 40. Ke5 c2 41. Ke4 c1=Q 42. Ke5 Qe1+ 43. Kf6 Qf2+ 44. Ke5 Qh2+ 45.
Ke4 Qxh6 46. Ke5 Qg7+ 47. Ke4 h5 48. Kf5 h4 49. Kf4 h3 50. Kf3 h2 51. Kf2 h1=Q
52. Ke2 Qf7 53. Ke3 Qe1# 0-1

[Event "NK-E Algemeen 2010"]
[Site "?"]
[Date "2010.04.03"]
[Round "8.16"]
[White "Dael, Rens van"]
[Black "Nies, Levi"]
[Result "0-1"]
[WhiteElo "588"]
[BlackElo "1010"]
[PlyCount "46"]
[EventDate "2010.??.??"]

1. e4 e5 2. Nf3 Nc6 3. Bc4 Nf6 4. Nc3 Bb4 5. d3 d6 6. Ng5 O-O 7. O-O Bg4 8. f3
Bd7 9. Nd5 Nxd5 10. exd5 Ne7 11. f4 h6 12. Ne4 f5 13. Nf2 Ng6 14. Nh3 Bc5+ 15.
Kh1 b5 16. Bb3 a5 17. c4 e4 18. cxb5 Bxb5 19. dxe4 Bxf1 20. Qxf1 fxe4 21. a4
Ne5 22. fxe5 Rxf1+ 23. Ng1 Rxg1# 0-1

[Event "NK-E Algemeen 2010"]
[Site "?"]
[Date "2010.04.03"]
[Round "8.17"]
[White "Kuiken, Jelle van"]
[Black "Koster, Tobias"]
[Result "0-1"]
[WhiteElo "745"]
[BlackElo "796"]
[PlyCount "76"]
[EventDate "2010.??.??"]

1. e4 e5 2. Nf3 Nc6 3. Nc3 Nf6 4. Bb5 Bc5 5. Bxc6 dxc6 6. O-O Be6 7. d3 O-O 8.
Nxe5 Qd6 9. Nc4 Bxc4 10. dxc4 Qe5 11. Re1 Rad8 12. Qf3 Bd6 13. Bf4 Qxf4 14.
Qxf4 Bxf4 15. e5 Ng4 16. Rad1 Rxd1 17. Rxd1 Nxe5 18. b4 Nxc4 19. Rd7 Re8 20. g3
Be5 21. Ne4 g6 22. Ng5 Rf8 23. f4 Bf6 24. Rxc7 Bxg5 25. fxg5 Rb8 26. Kf2 a5 27.
bxa5 Nxa5 28. Kf3 Rd8 29. Ke4 Rd2 30. h4 Rxc2 31. Ke5 Rf2 32. g4 h5 33. gxh5
gxh5 34. Rc8+ Kg7 35. Ra8 Rxa2 36. Kd6 Nc4+ 37. Ke7 Rxa8 38. Kd7 b6 0-1

[Event "NK-E Algemeen 2010"]
[Site "?"]
[Date "2010.04.03"]
[Round "8.18"]
[White "Wolvers, Stephan"]
[Black "Mensing, Andrew"]
[Result "1/2-1/2"]
[WhiteElo "1024"]
[BlackElo "724"]
[PlyCount "138"]
[EventDate "2010.??.??"]

1. e4 c5 2. Nf3 Nc6 3. Bc4 e6 4. Nc3 Nf6 5. d3 d5 6. Bb3 dxe4 7. dxe4 Qxd1+ 8.
Nxd1 Bd6 9. Nc3 Ne5 10. Nxe5 Bxe5 11. f4 Bxc3+ 12. bxc3 Nxe4 13. Bb2 b5 14. c4
bxc4 15. Bxc4 O-O 16. Rf1 a5 17. O-O-O Ba6 18. Bxa6 Rxa6 19. Rfe1 Nf2 20. Rd2
Ng4 21. h3 Nh6 22. g4 f6 23. Rde2 Re8 24. f5 Kf7 25. Bc3 a4 26. Bb2 Rd6 27. Ba3
Rc6 28. Rxe6 Rcxe6 29. Rxe6 Rxe6 30. fxe6+ Kxe6 31. Bxc5 f5 32. gxf5+ Nxf5 33.
Kd2 Ng3 34. Kd3 h5 35. Kc4 Ne4 36. Kb4 g5 37. Be3 g4 38. hxg4 hxg4 39. Kxa4 g3
40. Bg1 Nf2 41. c4 Nh3 42. Bd4 Kd6 43. Kb5 Kc7 44. Be5+ Kb7 45. Bxg3 Ng5 46. c5
Ne4 47. a4 Nc3+ 48. Kb4 Nd5+ 49. Kc4 Nb6+ 50. cxb6 Kxb6 51. Kb4 Ka6 52. a5 Ka7
53. Kb5 Kb7 54. a6+ Ka7 55. Bf2+ Kb8 56. Kc6 Ka8 57. Kb6 Kb8 58. Bh4 Ka8 59.
Bd8 Kb8 60. Be7 Ka8 61. Bc5 Kb8 62. Bd6+ Ka8 63. Kc5 Ka7 64. Kb5 Ka8 65. Bc5
Kb8 66. Kc6 Ka8 67. Kd7 Kb8 68. Kd8 Ka8 69. a7 Kb7 1/2-1/2

[Event "NK-E Algemeen 2010"]
[Site "?"]
[Date "2010.04.03"]
[Round "8.20"]
[White "Bril, Mateo"]
[Black "Leeuwen, Louis van"]
[Result "1-0"]
[WhiteElo "897"]
[BlackElo "653"]
[PlyCount "59"]
[EventDate "2010.??.??"]

1. e4 e5 2. Nf3 Nc6 3. Bb5 Bc5 4. Bxc6 dxc6 5. O-O Nf6 6. h3 Nxe4 7. Nxe5 Qe7
8. Nf3 O-O 9. d3 Nf6 10. Re1 Qd6 11. Nc3 Bb6 12. Ne4 Nxe4 13. Rxe4 Qc5 14. Be3
Qb5 15. Bxb6 axb6 16. b3 h6 17. Rg4 Bxg4 18. hxg4 h5 19. gxh5 Qxh5 20. Kf1 Rfe8
21. Qd2 Ra5 22. Re1 Rxe1+ 23. Kxe1 Qh1+ 24. Ke2 Qxg2 25. Qe3 Rxa2 26. Kd2 Qf1
27. Ng5 Ra8 28. Qe7 Qxf2+ 29. Kc3 Ra5 30. Qe8# 1-0

[Event "NK-E Algemeen 2010"]
[Site "?"]
[Date "2010.04.03"]
[Round "8.21"]
[White "Elgersma, Simon"]
[Black "Makkus, Stijn"]
[Result "1-0"]
[WhiteElo "726"]
[BlackElo "851"]
[PlyCount "105"]
[EventDate "2010.??.??"]

1. e4 e5 2. Nf3 Nc6 3. Nc3 Nf6 4. Bc4 Bc5 5. Ng5 O-O 6. O-O Ne8 7. Nxf7 Rxf7 8.
Bxf7+ Kxf7 9. Qf3+ Kg8 10. h3 Nd4 11. Qd1 Qg5 12. d3 Nf3+ 13. Qxf3 Qf6 14. Qxf6
Nxf6 15. Nb5 Bb6 16. Bg5 Ne8 17. c4 c6 18. Nc3 Bd4 19. Rac1 Bxc3 20. Rxc3 b5
21. cxb5 cxb5 22. b4 Ba6 23. Re1 Rc8 24. Rxc8 Bxc8 25. Re3 h6 26. Bh4 g5 27.
Bg3 Nf6 28. Bxe5 Kf7 29. Rf3 d6 30. Bxf6 g4 31. Rf4 Kg6 32. d4 gxh3 33. e5 dxe5
34. dxe5 hxg2 35. Kxg2 Kh5 36. Rh4+ Kg6 37. f4 h5 38. Rh1 Bb7+ 39. Kh2 Bxh1 40.
Kxh1 Kf5 41. Bd8 Kxf4 42. e6 h4 43. e7 h3 44. e8=Q h2 45. Bc7+ Kf5 46. Qe5+ Kg4
47. Qf4+ Kh5 48. Kxh2 a5 49. Bd8 Kg6 50. Qf6+ Kh7 51. Bc7 Kg8 52. Be5 Kh7 53.
Qg7# 1-0

[Event "NK-E Algemeen 2010"]
[Site "?"]
[Date "2010.04.03"]
[Round "8.22"]
[White "Janssen, Aron"]
[Black "Hoekstra, Jan"]
[Result "1-0"]
[WhiteElo "991"]
[BlackElo "655"]
[PlyCount "29"]
[EventDate "2010.??.??"]

1. e4 e5 2. Nf3 Nc6 3. Bc4 Bb4 4. a3 Bc5 5. Nc3 Nf6 6. d3 O-O 7. Bg5 d6 8. Nd5
h6 9. Nxf6+ gxf6 10. Bxh6 Re8 11. O-O Bg4 12. h3 Bxf3 13. Qxf3 f5 14. Qg3+ Kh7
15. Qg7# 1-0

[Event "NK-E Algemeen 2010"]
[Site "?"]
[Date "2010.04.03"]
[Round "9.1"]
[White "Slomczewski, Michal"]
[Black "Bhattacharjee, Sourav"]
[Result "1-0"]
[WhiteElo "1404"]
[BlackElo "1562"]
[PlyCount "141"]
[EventDate "2010.??.??"]

1. e4 e5 2. Nf3 Nc6 3. Bb5 a6 4. Bxc6 dxc6 5. d3 Bg4 6. h3 Bh5 7. Be3 Nf6 8.
Nbd2 Bd6 9. Qc1 Qe7 10. Bg5 h6 11. Bh4 g5 12. Bg3 O-O-O 13. Nc4 Bxf3 14. gxf3
Kb8 15. Qe3 Bc5 16. Qe2 Bd6 17. O-O-O Nh5 18. Ne3 Qe6 19. Kb1 Nf4 20. Bxf4 exf4
21. Nc4 Be5 22. Nxe5 Qxe5 23. Qd2 c5 24. Qc3 Qxc3 25. bxc3 Rd6 26. Kc1 f6 27.
Kd2 Rhd8 28. Rb1 Ka7 29. h4 Rg8 30. h5 b6 31. c4 a5 32. a4 Rgd8 33. Kc3 Rd4 34.
Rbe1 Re8 35. Re2 Re5 36. Ree1 Re8 37. Rhg1 Re5 38. Kd2 Re7 39. c3 Rd6 40. Kc2
Re5 41. Rd1 Re7 42. d4 cxd4 43. cxd4 Red7 44. Kc3 c5 45. d5 Re7 46. Rde1 Re5
47. Kd3 Kb7 48. Re2 Ka7 49. Kd2 Kb7 50. Ke1 Ka7 51. Kf1 Kb7 52. Kg2 Ka7 53. Kh3
Kb7 54. Kg4 Ka7 55. Rb2 Kb7 56. Rgb1 Ka7 57. Rb5 Ka6 58. R1b2 Ka7 59. Rxc5 bxc5
60. Rb5 Ka6 61. Rxc5 Re7 62. Kf5 Kb6 63. Rb5+ Ka6 64. c5 Rdd7 65. Rb6+ Ka7 66.
Rxf6 Rh7 67. c6 Rc7 68. e5 Kb6 69. e6 Kc5 70. Ke5 Rce7 71. d6 1-0

[Event "NK-E Algemeen 2010"]
[Site "?"]
[Date "2010.04.03"]
[Round "9.2"]
[White "Kazarian, Anna Maja"]
[Black "Knijff, Gerhard van der"]
[Result "1-0"]
[WhiteElo "1540"]
[BlackElo "1170"]
[PlyCount "80"]
[EventDate "2010.??.??"]

1. e4 e5 2. Nf3 Nc6 3. Bb5 Bc5 4. O-O Nf6 5. Re1 O-O 6. c3 d5 7. exd5 Qxd5 8.
Bxc6 Qxc6 9. Nxe5 Qd6 10. d4 Bb6 11. Bf4 Qd8 12. Bg5 h6 13. Bh4 Bf5 14. Qf3 g6
15. Bxf6 Qxf6 16. Nd7 Qg5 17. Nxf8 Rxf8 18. Qg3 Qf6 19. Nd2 c5 20. dxc5 Bxc5
21. Ne4 Bxe4 22. Rxe4 Rd8 23. Rae1 Kg7 24. Qf3 Qg5 25. Re5 Qd2 26. R5e2 Qg5 27.
Qxb7 Qg4 28. Qf3 Qg5 29. Qg3 Qf6 30. Qe5 Qxe5 31. Rxe5 Rd2 32. Rxc5 Rxb2 33.
Ra5 Rb7 34. g3 Rc7 35. Rb1 Rxc3 36. Rxa7 Kf6 37. a4 Kg5 38. Rxf7 Ra3 39. Rb5+
Kg4 40. Rf4+ Kh3 1-0

[Event "NK-E Algemeen 2010"]
[Site "?"]
[Date "2010.04.03"]
[Round "9.3"]
[White "Beukema, Jasper"]
[Black "Dijkhuis, Sven"]
[Result "0-1"]
[WhiteElo "1315"]
[BlackElo "1426"]
[PlyCount "106"]
[EventDate "2010.??.??"]

1. e4 d5 2. exd5 Qxd5 3. Nc3 Qa5 4. d4 Nf6 5. Bd2 c6 6. Nf3 Bf5 7. Bc4 e6 8.
O-O Nbd7 9. Qe2 Be7 10. Nd5 Qd8 11. Nxe7 Qxe7 12. Bd3 Bxd3 13. Qxd3 O-O 14. a3
c5 15. dxc5 Nxc5 16. Bb4 a5 17. Bxc5 Qxc5 18. Nd4 e5 19. Nb3 Qc6 20. Rfe1 e4
21. Qe2 a4 22. Nd2 Rfe8 23. Qc4 Qxc4 24. Nxc4 b5 25. Nd6 Re5 26. Rad1 g6 27. f3
Rc5 28. Nxe4 Nxe4 29. Rxe4 Rxc2 30. Rb4 Re8 31. Rxb5 Ree2 32. Rg5 Rxb2 33. Kf1
Rec2 34. h4 Ra2 35. f4 Rf2+ 36. Kg1 Rxf4 37. h5 Rxa3 38. hxg6 hxg6 39. Rgd5 Rb3
40. Ra1 Rg4 41. Rd2 a3 42. Rda2 Rgg3 43. Kh2 Kg7 44. Kg1 f5 45. Kh1 g5 46. Kg1
g4 47. Kh2 f4 48. Rf2 Rb2 49. Rxf4 Rgxg2+ 50. Kh1 a2 51. Ra4 Rge2 52. Rxg4+ Kf6
53. Rd4 Rb1+ 0-1

[Event "NK-E Algemeen 2010"]
[Site "?"]
[Date "2010.04.03"]
[Round "9.4"]
[White "Kevlishvili, Robby"]
[Black "Korenwinder, Tom"]
[Result "1-0"]
[WhiteElo "1559"]
[BlackElo "1025"]
[PlyCount "63"]
[EventDate "2010.??.??"]

1. e4 c5 2. Nf3 d6 3. d4 cxd4 4. Nxd4 Nf6 5. Nc3 g6 6. Be3 Bg7 7. Be2 Nc6 8.
O-O Ng4 9. Nxc6 Nxe3 10. fxe3 bxc6 11. Bc4 O-O 12. Qf3 Be6 13. Bxe6 fxe6 14.
Qg4 e5 15. Rab1 Rxf1+ 16. Kxf1 Qb6 17. Qg3 Bh6 18. Nd1 Qa6+ 19. Kg1 Qxa2 20.
Nc3 Qa6 21. Qh3 Bg5 22. Qg3 Bh6 23. Re1 Rb8 24. Qh4 Rxb2 25. Qxh6 Qa5 26. Rf1
Qd8 27. Rf2 a5 28. h4 Rb8 29. h5 gxh5 30. Qxh5 Ra8 31. Rf7 Qf8 32. Qxh7# 1-0

[Event "NK-E Algemeen 2010"]
[Site "?"]
[Date "2010.04.03"]
[Round "9.5"]
[White "Roon, Sjoerd van"]
[Black "Bosma, Jan"]
[Result "1-0"]
[WhiteElo "1180"]
[BlackElo "1051"]
[PlyCount "107"]
[EventDate "2010.??.??"]

1. e4 c5 2. Nf3 Nc6 3. d4 cxd4 4. Nxd4 e5 5. Nxc6 bxc6 6. Bc4 Nf6 7. Nc3 Bb4 8.
O-O O-O 9. Bg5 h6 10. Bh4 Re8 11. a3 Bxc3 12. bxc3 d5 13. exd5 cxd5 14. Bb5 Re6
15. c4 d4 16. f4 exf4 17. Rxf4 Rd6 18. c5 Rd5 19. Bc6 Rf5 20. Rxf5 Bxf5 21.
Bxa8 Qxa8 22. Qxd4 Bxc2 23. Bxf6 gxf6 24. Qxf6 Qc8 25. Qxh6 Qd8 26. Rc1 Qe7 27.
Qd2 Qxc5+ 28. Qf2 Qxa3 29. Qg3+ Qxg3 30. hxg3 Be4 31. Ra1 Kg7 32. Rxa7 Kg6 33.
Re7 Bd5 34. Kh2 Kf5 35. Kh3 Kf6 36. Re1 Kg6 37. g4 Be6 38. Kh4 Kh6 39. g5+ Kg6
40. g4 Kg7 41. Kh5 Kg8 42. g6 Kg7 43. gxf7 Bxf7+ 44. Kg5 Bg6 45. Re7+ Bf7 46.
Kf5 Kh6 47. g5+ Kg7 48. g6 Kg8 49. gxf7+ Kf8 50. Ke6 Kg7 51. Re8 Kg6 52. f8=Q
Kh7 53. Qh8+ Kg6 54. Rg8# 1-0

[Event "NK-E Algemeen 2010"]
[Site "?"]
[Date "2010.04.03"]
[Round "9.6"]
[White "Baselmans, Luuk"]
[Black "Nguyen, Sang"]
[Result "1-0"]
[WhiteElo "1329"]
[BlackElo "1255"]
[PlyCount "151"]
[EventDate "2010.??.??"]

1. e4 e5 2. Nf3 Nc6 3. d4 d6 4. dxe5 dxe5 5. Qxd8+ Kxd8 6. Ng5 Be6 7. Nc3 Nd4
8. Bd3 Be7 9. O-O Bxg5 10. Bxg5+ Ke8 11. Rad1 Ne7 12. Nb5 Nxb5 13. Bxb5+ c6 14.
Bd3 Bxa2 15. b3 a5 16. Ra1 Bxb3 17. cxb3 b5 18. b4 a4 19. Bxe7 Kxe7 20. Rfc1
Rhc8 21. Be2 Kf8 22. Bg4 Rc7 23. Rc5 f6 24. Be6 Ke7 25. Bd5 Kd7 26. Ba2 a3 27.
Rc3 Ra4 28. Bb3 Rxb4 29. Rxa3 Rxe4 30. h3 b4 31. Rd3+ Rd4 32. Rxd4+ exd4 33.
Ra1 c5 34. Rc1 Kd6 35. Kf1 Kc6 36. Ba4+ Kd5 37. Bb3+ c4 38. Bc2 d3 39. Bxd3 c3
40. Bxh7 b3 41. Bg8+ Kd4 42. Bxb3 Kd3 43. Ke1 Re7+ 44. Kf1 Rb7 45. Bd5 c2 46.
Bxb7 Kd2 47. Rxc2+ Kxc2 48. Ke2 Kc3 49. Ke3 Kc4 50. g4 Kc5 51. Ke4 Kd6 52. f4
Ke6 53. f5+ Kf7 54. h4 Kg8 55. g5 Kh7 56. Kf4 fxg5+ 57. hxg5 Kg8 58. f6 g6 59.
Be4 Kf7 60. Bd3 Kf8 61. Bxg6 Kg8 62. f7+ Kf8 63. Kg4 Kg7 64. Kh5 Kf8 65. Kh6
Ke7 66. Kg7 Ke6 67. f8=Q Kd5 68. Qe7 Kd4 69. Qe4+ Kc5 70. Qd3 Kc6 71. Qd4 Kb7
72. Qc5 Kb8 73. Qc6 Ka7 74. Qb5 Ka8 75. Be4+ Ka7 76. Qb7# 1-0

[Event "NK-E Algemeen 2010"]
[Site "?"]
[Date "2010.04.03"]
[Round "9.8"]
[White "Schalij, Ties"]
[Black "Klein, Jorik"]
[Result "0-1"]
[WhiteElo "1240"]
[BlackElo "1144"]
[PlyCount "114"]
[EventDate "2010.??.??"]

1. e4 e5 2. Nf3 Nc6 3. Bc4 Bc5 4. c3 Nf6 5. d4 exd4 6. cxd4 Bb4+ 7. Nc3 Bxc3+
8. bxc3 Nxe4 9. d5 Ne7 10. Qd4 Nf6 11. O-O O-O 12. Bg5 Nf5 13. Qg4 Nxg4 14.
Bxd8 Rxd8 15. Rfe1 Rf8 16. Re4 Nf6 17. Re2 Nd6 18. Bb3 Nf5 19. c4 Nd6 20. Rae1
b6 21. Ng5 Ba6 22. Rc2 h6 23. Nf3 Rfe8 24. Rec1 Rac8 25. c5 bxc5 26. Rxc5 Nfe4
27. R5c2 Bd3 28. Rb2 Nb5 29. Ba4 Nec3 30. Rd2 Ne2+ 31. Rxe2 Bxe2 32. Nd2 Re7
33. Re1 Rce8 34. f3 Nc3 35. Bc2 Nxa2 36. Kf2 Bb5 37. Be4 f5 38. Rb1 Nc3 39. Rb3
Nxe4+ 40. Nxe4 fxe4 41. Rxb5 e3+ 42. Ke2 a6 43. Ra5 Rb8 44. Rxa6 Rb2+ 45. Ke1
e2 46. Ra8+ Kh7 47. Ra1 c5 48. dxc6 dxc6 49. Rc1 c5 50. g4 c4 51. h4 c3 52. f4
c2 53. g5 Rb1 54. Rxb1 cxb1=Q+ 55. Kf2 e1=Q+ 56. Kg2 Qb3 57. g6+ Kg8 0-1

[Event "NK-E Algemeen 2010"]
[Site "?"]
[Date "2010.04.03"]
[Round "9.10"]
[White "Nimwegen, Martijn van"]
[Black "Harten, Lucas van"]
[Result "0-1"]
[WhiteElo "829"]
[BlackElo "1068"]
[PlyCount "94"]
[EventDate "2010.??.??"]

1. e4 c5 2. Nf3 d6 3. Nc3 Nc6 4. Bb5 a6 5. Bxc6+ bxc6 6. O-O Nf6 7. d4 cxd4 8.
Nxd4 Bb7 9. Bg5 c5 10. Nde2 h6 11. Bxf6 exf6 12. Re1 Be7 13. Nd5 O-O 14. Nxe7+
Qxe7 15. Nc3 f5 16. exf5 Qg5 17. g4 h5 18. h3 hxg4 19. hxg4 Qh6 20. Nd5 Rfe8
21. Rxe8+ Rxe8 22. f3 Re5 23. Nb6 Qe3+ 24. Kf1 Bxf3 25. Qe1 Be2+ 26. Kg2 Bf3+
27. Kg3 Qxe1+ 28. Rxe1 Rxe1 29. Kxf3 Rc1 30. c3 Rc2 31. Nc4 d5 32. Ne3 Rxb2 33.
Nxd5 Rxa2 34. Ne7+ Kf8 35. Nc6 Ra3 36. Kf4 Rxc3 37. g5 Rd3 38. Ke4 Rd6 39. Na5
g6 40. Ke5 Rd1 41. fxg6 fxg6 42. Kf6 Rd6+ 43. Ke5 Rb6 44. Nc4 Rb5 45. Nd6 Rb4
46. Kf6 Rb6 47. Kxg6 Rxd6+ 0-1

[Event "NK-E Algemeen 2010"]
[Site "?"]
[Date "2010.04.03"]
[Round "9.11"]
[White "Koster, Tobias"]
[Black "Seyed Mehdi, Dominick"]
[Result "1-0"]
[WhiteElo "796"]
[BlackElo "1032"]
[PlyCount "109"]
[EventDate "2010.??.??"]

1. e4 e5 2. Nf3 Nc6 3. d4 exd4 4. Nxd4 Bc5 5. Be3 Nf6 6. Nc3 Nxd4 7. Bxd4 Bxd4
8. Qxd4 O-O 9. Bd3 d6 10. O-O-O Be6 11. f4 c5 12. Qe3 Bg4 13. Rdf1 Re8 14. h3
Bd7 15. g4 Re7 16. g5 Ne8 17. h4 g6 18. h5 Nc7 19. hxg6 fxg6 20. Qf2 Qf8 21.
Qh4 Qg7 22. Bc4+ Kf8 23. Nd5 Nxd5 24. Bxd5 Bc6 25. Bxc6 bxc6 26. f5 Ke8 27. f6
Qf7 28. fxe7 Qxe7 29. Qxh7 Qxh7 30. Rxh7 a5 31. Rff7 d5 32. Rfg7 Kf8 33. Rf7+
Kg8 34. Rc7 dxe4 35. Rhe7 Kf8 36. Rxe4 a4 37. Rxc6 Kf7 38. Rxc5 Rd8 39. Ra5 Kg7
40. Raxa4 Rf8 41. Re7+ Kg8 42. Rh4 Rf1+ 43. Kd2 Rf2+ 44. Re2 Rf8 45. Reh2 Kf7
46. Rf2+ Ke7 47. Rxf8 Kxf8 48. Rh7 Kg8 49. Rb7 Kf8 50. a4 Ke8 51. a5 Kd8 52. a6
Kc8 53. b4 Kd8 54. a7 Kc8 55. a8=Q# 1-0

[Event "NK-E Algemeen 2010"]
[Site "?"]
[Date "2010.04.03"]
[Round "9.12"]
[White "Nies, Levi"]
[Black "Steunenberg, Renso"]
[Result "0-1"]
[WhiteElo "1010"]
[BlackElo "822"]
[PlyCount "48"]
[EventDate "2010.??.??"]

1. d4 d5 2. c4 Nf6 3. cxd5 Nxd5 4. e4 Nf6 5. Nc3 Nc6 6. Nf3 Bg4 7. Be3 e6 8.
Bg5 h6 9. Bh4 Bb4 10. e5 g5 11. Bg3 Nd5 12. Qd3 Bf5 13. Qd2 Qe7 14. Nxg5 Nxc3
15. bxc3 Ba5 16. Qb2 Qxg5 17. Qxb7 Bxc3+ 18. Ke2 Bg4+ 19. Kd3 Qd2+ 20. Kc4 Na5+
21. Kb5 Qb2+ 22. Kc5 Nxb7+ 23. Kc4 Na5+ 24. Kc5 Qb6# 0-1

[Event "NK-E Algemeen 2010"]
[Site "?"]
[Date "2010.04.03"]
[Round "9.13"]
[White "Rekveld, Bram"]
[Black "Hermes, Tom"]
[Result "1-0"]
[WhiteElo "1091"]
[BlackElo "987"]
[PlyCount "69"]
[EventDate "2010.??.??"]

1. e4 e5 2. Nf3 Nc6 3. Bc4 Bc5 4. d3 Nf6 5. Nc3 O-O 6. O-O d6 7. Be3 Bxe3 8.
fxe3 Be6 9. Bb3 d5 10. exd5 Nxd5 11. Nxd5 Bxd5 12. Bxd5 Qxd5 13. d4 e4 14. Nh4
g5 15. Nf5 Na5 16. Ne7+ Kh8 17. Nxd5 c6 18. Ne7 Nc4 19. Nf5 Nxb2 20. Qg4 Rg8
21. Ne7 Rg7 22. Rf6 Re8 23. Qh5 Rxe7 24. Raf1 Kg8 25. Rd6 Re8 26. Rd7 Rf8 27.
Rxb7 Nc4 28. Rxa7 Nxe3 29. Re1 Nd5 30. Rxe4 Nf6 31. Qf3 Nxe4 32. Qxe4 Rc8 33.
a4 c5 34. dxc5 Rxc5 35. Qe8# 1-0

[Event "NK-E Algemeen 2010"]
[Site "?"]
[Date "2010.04.03"]
[Round "9.16"]
[White "Scheerhoorn, Joep"]
[Black "Elgersma, Simon"]
[Result "1-0"]
[WhiteElo "850"]
[BlackElo "726"]
[PlyCount "55"]
[EventDate "2010.??.??"]

1. e4 e5 2. Nf3 Nc6 3. Bc4 h6 4. h3 Nf6 5. Nc3 Bb4 6. d3 O-O 7. a3 Ba5 8. O-O
Bxc3 9. bxc3 d6 10. Be3 Qe7 11. d4 exd4 12. cxd4 Be6 13. Bxe6 Qxe6 14. d5 Qd7
15. dxc6 Qxc6 16. Nd4 Qxe4 17. Rb1 b6 18. Ra1 c5 19. Nf3 Nd5 20. Re1 Nc3 21.
Qxd6 Rad8 22. Qg3 g6 23. Bxh6 Rfe8 24. Rxe4 Nxe4 25. Qf4 Nc3 26. Qf6 Ne2+ 27.
Kh2 Ng3 28. Qg7# 1-0

[Event "NK-E Algemeen 2010"]
[Site "?"]
[Date "2010.04.03"]
[Round "9.17"]
[White "Reddy, Quinten"]
[Black "Dael, Rens van"]
[Result "0-1"]
[WhiteElo "546"]
[BlackElo "588"]
[PlyCount "86"]
[EventDate "2010.??.??"]

1. e4 e5 2. Nf3 Nc6 3. Bc4 Bc5 4. d3 h6 5. O-O Nf6 6. h3 Na5 7. Nc3 Nxc4 8.
dxc4 d6 9. a3 a5 10. Nd5 Nxd5 11. cxd5 O-O 12. Qe2 b6 13. Be3 Ba6 14. c4 Bxe3
15. Qxe3 Bxc4 16. Rfc1 Bb5 17. a4 Be8 18. b3 b5 19. axb5 Bxb5 20. Nd2 g5 21.
Nc4 Bxc4 22. bxc4 Qe8 23. c5 dxc5 24. Rxc5 a4 25. Rxc7 Rc8 26. Rxc8 Qxc8 27.
Rxa4 Qd7 28. Ra7 Qb5 29. Ra1 Qb2 30. Qa3 Qe2 31. Qe3 Qb5 32. Kh2 Rc8 33. Ra7
Qb1 34. Qf3 Rf8 35. Re7 Qb4 36. Rxe5 Qb8 37. Qf5 Re8 38. g3 Qxe5 39. Qd7 Qxe4
40. d6 Qa8 41. Qc7 Re1 42. g4 Qf3 43. Qd8+ Kg7 0-1

[Event "NK-E Algemeen 2010"]
[Site "?"]
[Date "2010.04.03"]
[Round "9.18"]
[White "Mensing, Andrew"]
[Black "Kuiken, Jelle van"]
[Result "1-0"]
[WhiteElo "724"]
[BlackElo "745"]
[PlyCount "61"]
[EventDate "2010.??.??"]

1. e4 e5 2. Nf3 Nc6 3. Nc3 Nf6 4. Bb5 Bb4 5. O-O O-O 6. Bxc6 bxc6 7. d3 d6 8.
Bd2 Bg4 9. Bg5 h6 10. Bh4 Bxf3 11. Qxf3 d5 12. Bxf6 gxf6 13. exd5 cxd5 14. Nxd5
Bc5 15. Nxf6+ Kg7 16. Ne4 f5 17. Nxc5 e4 18. dxe4 fxe4 19. Qxe4 Qg5 20. Ne6+
Kf6 21. Nxg5 hxg5 22. Rfe1 Rae8 23. Qf3+ Kg6 24. Qd3+ Kh5 25. Rxe8 Rxe8 26. f4
gxf4 27. Qb5+ Kg4 28. Qxe8 a5 29. Qg6+ Kh4 30. g3+ Kh3 31. Qh5# 1-0